| Tag |
First Indicator |
Second Indicator |
Subfields |
| LEADER |
00000nam a2200000Ia 4500 |
| 001 |
in00004179321 |
| 005 |
20200807085818.0 |
| 006 |
m g d |
| 007 |
cr bn |||a|bb| |
| 008 |
820212s1659 enk o 00| | eng d |
| 035 |
|
|
|a (OCoLC)8153585
|
| 040 |
|
|
|a EEU
|c EEU
|d WaOLN
|
| 037 |
|
|
|a CL0037000041
|b ProQuest Information and Learning. 300 N. Zeeb Rd., Ann Arbor, MI 48106
|
| 045 |
|
|
|a u-u-
|
| 090 |
|
|
|a BV4275
|b .H37
|
| 049 |
|
|
|a EEUZ
|
| 100 |
1 |
|
|a Hardy, Nathaniel,
|d 1618-1670.
|
| 245 |
1 |
0 |
|a Divinity in mortality, or, The Gospels excellency and the preachers frailty :
|b represented in a sermon preached at the funeral of Mr. Richard Goddard, late minister of the parish of St. Gregories by Pauls, who died on Thursday the 12th of May 1653, and was buried on Monday the 16th day of the same moneth /
|c by Nath. Hardy.
|
| 260 |
|
|
|a London :
|b Printed by T.C. for Nathanael Webb and William Grantham,
|c 1659.
|
| 300 |
|
|
|a 1 online resource ([2], 29, [1] pages)
|
| 336 |
|
|
|a text
|b txt
|2 rdacontent
|
| 337 |
|
|
|a computer
|b c
|2 rdamedia
|
| 338 |
|
|
|a online resource
|b cr
|2 rdacarrier
|
| 500 |
|
|
|a Reproduction of original in the Cambridge University Library.
|
| 510 |
4 |
|
|a Wing
|c H719.
|
| 533 |
|
|
|a Electronic reproduction.
|b Ann Arbor, Mich. :
|c UMI,
|d 1999-
|f (Early English books online)
|n Digital version of: (Early English books, 1641-1700 ; 1230:24)
|7 s1999 miun s
|
| 600 |
1 |
0 |
|a Goddard, Richard,
|d d. 1653.
|
| 650 |
|
0 |
|a Funeral sermons.
|
| 650 |
|
0 |
|a Sermons, English
|y 17th century.
|
| 740 |
0 |
|
|a Gospels excellency and the preachers frailty.
|
| 830 |
|
0 |
|a Early English books online.
|
| 856 |
4 |
0 |
|u http://proxy.library.tamu.edu/login?url=https://search.proquest.com/docview/2248501211
|z Connect to the full text of this electronic book
|t 0
|
| 999 |
f |
f |
|s 3385f04d-5344-3b34-abe7-cb844de1d7fd
|i 3a9efdf6-a2e3-389d-944e-bdef272b3321
|t 0
|
| 952 |
f |
f |
|a Texas A&M University
|b College Station
|c Electronic Resources
|d Available Online
|t 0
|e BV4275 .H37
|h Library of Congress classification
|
| 998 |
f |
f |
|a BV4275 .H37
|t 0
|l Available Online
|